| 000 | 00505cam a2200193 4500 | ||
|---|---|---|---|
| 001 | 6029 | ||
| 005 | 20230404130038.0 | ||
| 008 | 060907s1992 sp spa | ||
| 020 | _a8471004860 | ||
| 035 | _9funglode6085 | ||
| 041 | _aspa | ||
| 050 | 1 | 4 |
_a107 F 1799 _bR621h 1992 |
| 100 | 1 | _aRiverend, Julio Le | |
| 245 | 1 | 3 |
_aLa Habana, espacio y vida / _cJulio Le Riverend |
| 260 |
_aMadrid : _bMAPFRE, _c1992 |
||
| 300 | _a336 p. | ||
| 440 | 0 | _aColección ciudades de Iberoamérica | |
| 942 |
_2lcc _cbk |
||
| 999 |
_c9855 _d9855 |
||